000 00664nam a22002177a 4500
005 20250730120641.0
008 250730b |||||||| |||| 00| 0 eng d
037 _cTB
040 _aCRL
_cCRL
041 _2eng
_aeng
_htel
084 _aO35,3x R1
_qCRL
100 _aRao, Subba
_9220970
245 _aRaktatilakam, three important burrakathalu
260 _aBengaluru, India:
_bT. V. Suba Rao,
_c2021.
300 _axxii, 134p
365 _b120.00
_cINR
650 _aTelugu Fiction
650 _aTelugu Literature
942 _2CC
_cTB
_hO35,3x R1
_n0
999 _c1434391
_d1434391